[Event "Atlanta Altucher op 1st"]
[Site "Atlanta"]
[Date "2025.06.21"]
[Round "4"]
[White "Zapata, Alonso"]
[Black "Zhou, Jianchao"]
[Result "0-1"]
[WhiteElo "2267"]
[BlackElo "2581"]
[PlyCount "90"]
[EventDate "2025.06.20"]
[EventType "swiss"]
[EventRounds "7"]
[EventCountry "USA"]
[SourceTitle "CB26_2025"]
[SourceDate "2025.06.25"]
[SourceVersion "1"]
[SourceVersionDate "2025.06.25"]
[SourceQuality "1"]

1. e4 c5 2. Nf3 d6 3. d4 cxd4 4. Nxd4 Nf6 5. Nc3 a6 6. Be3 e5 7. Nb3 Be6 8. Be2 Be7 9. 0-0 0-0 10. a4 Nc6 11. a5 Rc8 12. Bb6 Qd7 13. Bf3 Nb4 14. Qd2 d5 15. exd5 Nfxd5 16. Nxd5 Bxd5 17. c3 Qe6 18. cxb4 Bxf3 19. Qe3 Bc6 20. Nc5 Qg4 21. f3 Qxb4 22. Nd3 Qb3 23. Nxe5 Qxe3+ 24. Bxe3 Bb5 25. Rfc1 Bb4 26. Bb6 h5 27. g3 Bd2 28. Rxc8 Rxc8 29. f4 Rc2 30. Rb1 f6 31. Nf3 Bc6 32. Nxd2 Rxd2 33. Bf2 Kh7 34. b4 Kg6 35. h3 Be4 36. Re1 Bf5 37. Re7 Bxh3 38. Rxb7 Rd1+ 39. Kh2 Bd7 40. Rc7 Kf5 41. Kg2 g6 42. Kf3 Rd3+ 43. Ke2 Bb5 44. Ke1 Kg4 45. Rf7 Kf3 0-1

[Event "Atlanta Altucher op 1st"]
[Site "Atlanta"]
[Date "2025.06.20"]
[Round "1"]
[White "Remick, William"]
[Black "Zapata, Alonso"]
[Result "0-1"]
[WhiteElo "1806"]
[BlackElo "2267"]
[PlyCount "88"]
[EventDate "2025.06.20"]
[EventType "swiss"]
[EventRounds "7"]
[EventCountry "USA"]
[SourceTitle "CB26_2025"]
[SourceDate "2025.06.25"]
[SourceVersion "1"]
[SourceVersionDate "2025.06.25"]
[SourceQuality "1"]

1. e4 c5 2. Nf3 Nc6 3. d4 cxd4 4. Nxd4 e6 5. Nc3 Qc7 6. Be3 Nf6 7. Be2 Bb4 8. f3 a6 9. 0-0 0-0 10. Kh1 d5 11. Nxc6 bxc6 12. exd5 cxd5 13. Nb1 Bd6 14. Bg1 Rb8 15. Bd3 Rxb2 16. Bd4 Rb4 17. c3 Rxd4 18. cxd4 Bxh2 19. f4 Bxf4 20. Qf3 e5 21. Nc3 e4 22. Qxf4 Qxc3 23. Be2 Qxd4 24. Rad1 Qb2 25. Rd2 Qb6 26. Rfd1 Be6 27. Rd4 h6 28. Qg3 Rc8 29. Qa3 Bg4 30. Bxg4 Nxg4 31. Qg3 Qxd4 32. Qxg4 f5 33. Qe2 Qc4 34. Qf2 Rf8 35. Qd2 f4 36. Rc1 Qb5 37. a4 Qd7 38. Qd4 f3 39. Rc2 Qf5 40. gxf3 exf3 41. Rf2 Qh3+ 42. Kg1 Rf5 43. Rb2 Rg5+ 44. Kf2 Rg2+ 0-1

[Event "Charlotte Carolinas op"]
[Site "Charlotte"]
[Date "2025.06.15"]
[Round "4"]
[White "Dedona, Mark"]
[Black "Zapata, Alonso"]
[Result "1/2-1/2"]
[WhiteElo "1938"]
[BlackElo "2267"]
[PlyCount "119"]
[EventDate "2025.06.14"]
[EventType "swiss"]
[EventRounds "5"]
[EventCountry "USA"]
[SourceTitle "CB25_2025"]
[SourceDate "2025.06.18"]
[SourceVersion "1"]
[SourceVersionDate "2025.06.18"]
[SourceQuality "1"]

1. e4 c5 2. Nf3 d6 3. c3 Nf6 4. Bd3 Nc6 5. Bc2 g6 6. 0-0 Bg7 7. d4 cxd4 8. cxd4 Bg4 9. d5 Ne5 10. Nbd2 Rc8 11. Ba4+ Ned7 12. h3 Bxf3 13. Qxf3 0-0 14. Qe2 Qa5 15. Bxd7 Nxd7 16. Nb3 Qa4 17. Bg5 Nf6 18. f3 h6 19. Be3 Nd7 20. Qd2 Kh7 21. Qa5 Nc5 22. Rab1 Qxa5 23. Nxa5 Na4 24. Rf2 Rc7 25. b3 Nc3 26. Rc1 e6 27. Kh1 b6 28. Nc4 exd5 29. exd5 Nxd5 30. Rd1 Nxe3 31. Nxe3 Rd8 32. Rfd2 Be5 33. Nc4 Bg3 34. a4 Rc6 35. Kg1 h5 36. Kf1 h4 37. Rd4 a6 38. Ke2 d5 39. f4 Re8+ 40. Ne3 Rc2+ 41. R1d2 Rc1 42. Kf3 Rb1 43. Rxd5 Rxb3 44. R5d3 Rb1 45. Rd1 Rb2 46. R1d2 Rxd2 47. Rxd2 f5 48. Nf1 Re4 49. Nxg3 hxg3 50. a5 bxa5 51. Kxg3 Rb4 52. Rd6 Kh6 53. Rxa6 a4 54. Ra8 Rc4 55. Ra7 Rc3+ 56. Kh4 Rc4 57. Kg3 Rb4 58. Ra8 Rc4 59. Ra7 Rd4 60. Ra8 1/2-1/2

[Event "Charlotte Carolinas op"]
[Site "Charlotte"]
[Date "2025.06.14"]
[Round "1"]
[White "Zapata, Alonso"]
[Black "Campbell, Maxwell"]
[Result "1-0"]
[WhiteElo "2267"]
[BlackElo "1811"]
[PlyCount "119"]
[EventDate "2025.06.14"]
[EventType "swiss"]
[EventRounds "5"]
[EventCountry "USA"]
[SourceTitle "CB25_2025"]
[SourceDate "2025.06.18"]
[SourceVersion "1"]
[SourceVersionDate "2025.06.18"]
[SourceQuality "1"]

1. e4 c5 2. Nf3 d6 3. d4 cxd4 4. Nxd4 Nf6 5. Nc3 a6 6. a4 e5 7. Nb3 Be6 8. Be2 Be7 9. 0-0 0-0 10. Be3 Nc6 11. a5 Nb4 12. Bf3 Rc8 13. Qd2 d5 14. Bb6 Qd7 15. exd5 Nbxd5 16. Nxd5 Bxd5 17. Rfd1 e4 18. Bxe4 Bxe4 19. Qxd7 Nxd7 20. Rxd7 Bxc2 21. Rxe7 Bxb3 22. Rxb7 Rfe8 23. h3 h6 24. Bd4 Bc4 25. b4 Re4 26. Be3 Bb5 27. Bc5 Rce8 28. Kh2 Re1 29. Ra3 Rd1 30. Rxb5 axb5 31. a6 Ra8 32. Ra5 Rd7 33. Kg3 f6 34. a7 Rb7 35. Kf4 Kf7 36. Ra6 Rd7 37. g4 Rd5 38. Ke4 Re5+ 39. Kf3 h5 40. Rc6 hxg4+ 41. hxg4 Re6 42. Rc7+ Kg6 43. Rb7 Ra6 44. Kf4 Ra2 45. Ke4 Ra6 46. Rxb5 R8xa7 47. Bxa7 Rxa7 48. Rc5 Ra4 49. Rc4 Ra2 50. f4 Rg2 51. f5+ Kh6 52. Kd5 Rb2 53. Kc6 g6 54. fxg6 Kxg6 55. b5 Kf7 56. b6 Re2 57. b7 Re8 58. Kc7 Re7+ 59. Kb6 Re6+ 60. Ka7 1-0

[Event "Wch Seniors 65 32nd"]
[Site "Porto Santo"]
[Date "2024.11.25"]
[Round "8"]
[White "Sunye Neto, Jaime"]
[Black "Zapata, Alonso"]
[Result "1/2-1/2"]
[WhiteElo "2374"]
[BlackElo "2280"]
[PlyCount "74"]
[EventDate "2024.11.17"]
[EventType "swiss"]
[EventRounds "11"]
[EventCountry "POR"]
[SourceTitle "CB49_2024"]
[SourceDate "2024.12.04"]
[SourceVersion "1"]
[SourceVersionDate "2024.12.04"]
[SourceQuality "1"]

1. c4 e5 2. Nc3 Nc6 3. g3 g6 4. Bg2 Bg7 5. d3 Nge7 6. e3 d6 7. Nge2 0-0 8. 0-0 Be6 9. Nd5 Qd7 10. Rb1 a5 11. Nec3 f5 12. Bd2 Nd8 13. e4 Nc8 14. exf5 Bxf5 15. Ne4 Ne6 16. Ne3 c6 17. Nxf5 gxf5 18. Ng5 Nc5 19. Be3 Bf6 20. Nh3 Ne6 21. f4 Ne7 22. Qd2 Kh8 23. Kh1 Bg7 24. fxe5 dxe5 25. Ng5 Bf6 26. Nxe6 Qxe6 27. Rbe1 Rad8 28. Qe2 Qd6 29. Rd1 Bg7 30. Bb6 Ra8 31. Qe3 f4 32. Bc5 fxe3 33. Bxd6 Rxf1+ 34. Rxf1 Nf5 35. Bc5 Nd4 36. Bxd4 exd4 37. Bf3 Rb8 1/2-1/2

[Event "Wch Seniors 65 32nd"]
[Site "Porto Santo"]
[Date "2024.11.20"]
[Round "4"]
[White "Baimurzin, Aitkazy"]
[Black "Zapata, Alonso"]
[Result "0-1"]
[WhiteElo "1910"]
[BlackElo "2280"]
[PlyCount "48"]
[EventDate "2024.11.17"]
[EventType "swiss"]
[EventRounds "11"]
[EventCountry "POR"]
[SourceTitle "CB49_2024"]
[SourceDate "2024.12.04"]
[SourceVersion "1"]
[SourceVersionDate "2024.12.04"]
[SourceQuality "1"]

1. c4 e5 2. g3 g6 3. Bg2 Bg7 4. Nc3 Ne7 5. e3 Nbc6 6. Nge2 d6 7. d3 a5 8. Rb1 0-0 9. a3 Be6 10. b4 axb4 11. axb4 Qd7 12. b5 Nd8 13. 0-0 Bh3 14. Bb2 Bxg2 15. Kxg2 Ne6 16. Qd2 c6 17. Rfd1 d5 18. bxc6 bxc6 19. cxd5 cxd5 20. Ra1 d4 21. exd4 exd4 22. Rxa8 Rxa8 23. Nb1 Qb7+ 24. f3 Ra2 0-1

[Event "Nashville Summer op"]
[Site "Nashville"]
[Date "2024.08.27"]
[Round "2"]
[White "Zaulda, Vincent"]
[Black "Zapata, Alonso"]
[Result "1/2-1/2"]
[WhiteElo "2132"]
[BlackElo "2292"]
[PlyCount "118"]
[EventDate "2024.08.26"]
[EventType "swiss"]
[EventRounds "9"]
[EventCountry "USA"]
[SourceTitle "EXT 2025"]
[Source "ChessBase"]
[SourceDate "2024.10.14"]
[SourceVersion "1"]
[SourceVersionDate "2024.10.14"]
[SourceQuality "1"]

1. d4 Nf6 2. Bf4 g6 3. e3 Bg7 4. Nf3 d6 5. Be2 0-0 6. 0-0 b6 7. a4 a6 8. h3 c5 9. c3 Bb7 10. Nbd2 Nc6 11. Bh2 cxd4 12. exd4 Qc7 13. Re1 Rad8 14. Qb3 Na5 15. Qa3 Nc6 16. Qb3 Na7 17. Bc4 e6 18. Ng5 Qc6 19. Bf1 Nc8 20. Qc4 Qxc4 21. Bxc4 h6 22. Nxf7 Rxf7 23. Bxe6 Bd5 24. Bxf7+ Kxf7 25. c4 Bb7 26. b4 Ne7 27. Rab1 Nf5 28. Nb3 Ne4 29. d5 Nc3 30. Ra1 Rc8 31. g4 Nh4 32. Nd2 Nxd5 33. cxd5 Bxa1 34. Rxa1 Rc2 35. Bg3 Rxd2 36. Bxh4 Bxd5 37. Bd8 b5 38. axb5 axb5 39. Ra7+ Ke8 40. Bb6 Rd1+ 41. Kh2 g5 42. f3 Bxf3 43. Rh7 Be4 44. Rxh6 Kf7 45. Be3 Rd5 46. Kg3 Bg6 47. h4 Rd3 48. Kf2 gxh4 49. Rxh4 Rb3 50. g5 Ke6 51. Rf4 Bf5 52. Rh4 Bg6 53. Rf4 Bf5 54. Rh4 Bg6 55. Kf3 Ke5 56. Ke2 Rb2+ 57. Kf3 Rb3 58. Ke2 Rb2+ 59. Kf3 Rb3 1/2-1/2

[Event "US op 124th"]
[Site "Norfolk"]
[Date "2024.08.03"]
[Round "8"]
[White "Pang, Qi"]
[Black "Zapata, Alonso"]
[Result "0-1"]
[WhiteElo "2226"]
[BlackElo "2292"]
[PlyCount "94"]
[EventDate "2024.07.27"]
[EventType "swiss"]
[EventRounds "9"]
[EventCountry "USA"]
[SourceTitle "EXT 2025"]
[Source "ChessBase"]
[SourceDate "2024.10.14"]
[SourceVersion "1"]
[SourceVersionDate "2024.10.14"]
[SourceQuality "1"]

1. Nf3 g6 2. d4 Nf6 3. g3 Bg7 4. Bg2 0-0 5. 0-0 c5 6. c4 d6 7. dxc5 dxc5 8. Ne5 Nfd7 9. Nd3 Nc6 10. Nc3 Nd4 11. Rb1 Rb8 12. Bf4 e5 13. Bd2 b6 14. e3 Ne6 15. Nd5 Bb7 16. Bc3 Nc7 17. Qc1 Nxd5 18. cxd5 e4 19. Bxg7 Kxg7 20. Qc3+ Qf6 21. Bxe4 Qxc3 22. bxc3 Nf6 23. Bg2 Nxd5 24. Rfc1 Rfd8 25. a4 Nxe3 26. Bxb7 Rxb7 27. Nxc5 Re7 28. Nb3 Nc4 29. Nd4 Rc8 30. Kg2 h5 31. h4 Rd7 32. Re1 Kf8 33. Re2 Na5 34. Re3 Rc4 35. Ra1 Nb7 36. Nb5 a6 37. Nd4 Nc5 38. a5 b5 39. Nc6 Rd6 40. Ne5 Ra4 41. Rxa4 bxa4 42. Nc4 Rd1 43. Re5 Rc1 44. Re3 Ra1 45. Nb6 Nb3 46. Re4 a3 47. Ra4 Nc5 0-1

[Event "US op 124th"]
[Site "Norfolk"]
[Date "2024.08.02"]
[Round "7"]
[White "Zapata, Alonso"]
[Black "Desai, Aneesh"]
[Result "1-0"]
[WhiteElo "2292"]
[BlackElo "1932"]
[PlyCount "131"]
[EventDate "2024.07.27"]
[EventType "swiss"]
[EventRounds "9"]
[EventCountry "USA"]
[SourceTitle "EXT 2025"]
[Source "ChessBase"]
[SourceDate "2024.10.14"]
[SourceVersion "1"]
[SourceVersionDate "2024.10.14"]
[SourceQuality "1"]

1. e4 c5 2. Nf3 Nc6 3. d4 cxd4 4. Nxd4 Nf6 5. Nc3 e5 6. Ndb5 d6 7. Bg5 a6 8. Na3 b5 9. Nd5 Be7 10. Bxf6 Bxf6 11. c3 Bg5 12. Nc2 0-0 13. h4 Bh6 14. g3 Be6 15. Bg2 Rb8 16. 0-0 Ne7 17. Ncb4 Bxd5 18. Nxd5 Nxd5 19. Qxd5 Qb6 20. Rad1 Rfd8 21. Bh3 g6 22. Kg2 Qb7 23. Rd3 Qxd5 24. Rxd5 Kf8 25. Bg4 Ke7 26. Rfd1 Rb6 27. h5 Rc6 28. Rh1 Bg7 29. Bd1 Rc5 30. Bb3 Rxd5 31. Bxd5 f5 32. f3 fxe4 33. fxe4 gxh5 34. Rxh5 h6 35. Kf3 Rf8+ 36. Ke2 Kf6 37. Rf5+ Kg6 38. Rxf8 Bxf8 39. b4 Kh5 40. Bb7 Kg4 41. Kf2 Be7 42. Bxa6 Bg5 43. Bc8+ Kh5 44. Ke2 Bc1 45. Bd7 Bb2 46. Kd3 Kg5 47. Bxb5 Kg4 48. a4 Bc1 49. a5 Kf3 50. Be8 Be3 51. Bh5+ Kf2 52. g4 Ba7 53. b5 Bc5 54. b6 Kg3 55. Kc4 Kf4 56. Kb5 Kxe4 57. a6 Kd3 58. a7 Kxc3 59. a8Q Bd4 60. b7 e4 61. b8Q d5 62. Qxd5 e3 63. Qc4+ Kd2 64. Qxd4+ Kc2 65. Bg6+ Kc1 66. Qc7# 1-0

[Event "US op 124th"]
[Site "Norfolk"]
[Date "2024.07.31"]
[Round "5"]
[White "Zapata, Alonso"]
[Black "Klein, Jack"]
[Result "1-0"]
[WhiteElo "2292"]
[BlackElo "1923"]
[PlyCount "73"]
[EventDate "2024.07.27"]
[EventType "swiss"]
[EventRounds "9"]
[EventCountry "USA"]
[SourceTitle "EXT 2025"]
[Source "ChessBase"]
[SourceDate "2024.10.14"]
[SourceVersion "1"]
[SourceVersionDate "2024.10.14"]
[SourceQuality "1"]

1. e4 c5 2. Nf3 d6 3. d4 cxd4 4. Nxd4 Nf6 5. Nc3 g6 6. Be2 Bg7 7. 0-0 Nc6 8. Nb3 0-0 9. Bg5 a5 10. a4 Be6 11. f4 Rc8 12. Kh1 Qb6 13. Bh4 Qb4 14. Bd3 Nd7 15. Nd5 Bxd5 16. exd5 Nd4 17. Be1 Qb6 18. Bf2 Nxb3 19. Bxb6 Nxa1 20. Bxa5 Bxb2 21. Qb1 Bf6 22. Bb5 Nc5 23. Bb4 Ne4 24. c4 Nc5 25. Bxc5 Rxc5 26. g3 e6 27. dxe6 fxe6 28. Bd7 Kh8 29. Qa2 d5 30. Rxa1 dxc4 31. Rc1 c3 32. Qxe6 Kg7 33. Qd6 Rc4 34. Be6 Rd4 35. Qc7+ Kh6 36. g4 g5 37. Bf5 1-0

[Event "American Continental Rapid 18th"]
[Site "Medellin"]
[Date "2024.06.01"]
[Round "9"]
[White "Flores Quillas, Diego Saul Rodrigo"]
[Black "Zapata, Alonso"]
[Result "1-0"]
[WhiteElo "2453"]
[BlackElo "2301"]
[PlyCount "83"]
[EventDate "2024.06.01"]
[EventType "swiss (rapid)"]
[EventRounds "9"]
[EventCountry "COL"]
[SourceTitle "CBM 220 Extra"]
[Source "ChessBase"]
[SourceDate "2024.07.31"]
[SourceVersion "1"]
[SourceVersionDate "2024.07.31"]
[SourceQuality "1"]

1. e4 c5 2. Nf3 e6 3. d4 cxd4 4. Nxd4 Nc6 5. Nc3 Qc7 6. g3 d6 7. Bg2 a6 8. 0-0 Bd7 9. Re1 Be7 10. Nxc6 Bxc6 11. Ne2 Nf6 12. Nd4 Bd7 13. b3 b5 14. e5 dxe5 15. Nxb5 axb5 16. Bxa8 0-0 17. Bg2 Rd8 18. Bb2 e4 19. Qe2 Bc6 20. Rad1 Ra8 21. a3 Qb6 22. Bxf6 Bxf6 23. Rd6 Rd8 24. Rxd8+ Qxd8 25. Bxe4 Be8 26. Qd3 Qa5 27. b4 Qc7 28. Bxh7+ Kf8 29. Be4 g6 30. Rd1 Be7 31. c4 bxc4 32. Qc3 e5 33. Bd5 Bb5 34. Rc1 Bg5 35. Rc2 Qd6 36. Qf3 f5 37. Bxc4 Bc6 38. Qd3 Qf6 39. Bd5 Ba4 40. Rc8+ Kg7 41. Qc3 Kh6 42. h4 1-0

[Event "American Continental 18th"]
[Site "Medellin"]
[Date "2024.05.30"]
[Round "9"]
[White "Zapata, Alonso"]
[Black "Guzman Ortiz, Carlos M"]
[Result "1/2-1/2"]
[WhiteElo "2295"]
[BlackElo "1966"]
[PlyCount "62"]
[EventDate "2024.05.24"]
[EventType "swiss"]
[EventRounds "11"]
[EventCountry "COL"]
[SourceTitle "CBM 220 Extra"]
[Source "ChessBase"]
[SourceDate "2024.07.31"]
[SourceVersion "1"]
[SourceVersionDate "2024.07.31"]
[SourceQuality "1"]

1. e4 e6 2. d4 d5 3. Nd2 c5 4. exd5 Qxd5 5. Ngf3 cxd4 6. Bc4 Qd6 7. 0-0 Nf6 8. Nb3 Nc6 9. Nbxd4 Nxd4 10. Qxd4 Qxd4 11. Nxd4 Bd7 12. Bf4 Bc5 13. Nb3 Bb6 14. Be2 Rc8 15. c4 0-0 16. Rac1 Rfd8 17. Nd2 a5 18. Nf3 Ne4 19. Bd3 Nc5 20. Bc2 f6 21. Be3 e5 22. b3 Be6 23. Rcd1 Rd7 24. a3 Rcd8 25. Rc1 e4 26. Bxe4 Nxb3 27. Bxb6 Nxc1 28. Bxd8 Ne2+ 29. Kh1 Rxd8 30. c5 Bd5 31. Rd1 Nc3 1/2-1/2

[Event "American Continental 18th"]
[Site "Medellin"]
[Date "2024.05.25"]
[Round "3"]
[White "Zapata, Alonso"]
[Black "Supi, Luis Paulo"]
[Result "1/2-1/2"]
[WhiteElo "2295"]
[BlackElo "2581"]
[PlyCount "170"]
[EventDate "2024.05.24"]
[EventType "swiss"]
[EventRounds "11"]
[EventCountry "COL"]
[SourceTitle "CBM 220 Extra"]
[Source "ChessBase"]
[SourceDate "2024.07.31"]
[SourceVersion "1"]
[SourceVersionDate "2024.07.31"]
[SourceQuality "1"]

1. e4 c5 2. Nf3 d6 3. d4 cxd4 4. Nxd4 Nf6 5. Nc3 a6 6. Rg1 Nc6 7. g4 h6 8. Be3 Nxd4 9. Bxd4 e5 10. Be3 Be6 11. Be2 Rc8 12. Qd2 b5 13. Bf3 Be7 14. a3 Qc7 15. h4 Qb7 16. g5 hxg5 17. hxg5 Ng4 18. Nd5 Bxd5 19. Bxg4 Bxe4 20. Bxc8 Qxc8 21. a4 0-0 22. axb5 axb5 23. Ra7 Re8 24. Qc3 Qe6 25. Qa5 Rc8 26. Qxb5 Bf8 27. c3 Qg6 28. Kd2 d5 29. f3 Bxf3 30. Rf1 d4 31. Rxf3 dxe3+ 32. Rxe3 Qxg5 33. Qxe5 Qg2+ 34. Kc1 Bc5 35. Rd7 Bxe3+ 36. Qxe3 Ra8 37. Rd2 Qc6 38. Qd4 Qh6 39. Kc2 Qg6+ 40. Qd3 Qh6 41. Qe4 Rb8 42. Qd4 Qg6+ 43. Qd3 Qb6 44. Kb1 Ra8 45. Qd5 Qg6+ 46. Qd3 Qb6 47. Qd5 Re8 48. Kc2 Qa6 49. Rf2 Qa4+ 50. Kd2 Qa7 51. Rg2 Rb8 52. Kc2 Qa1 53. Rxg7+ Kxg7 54. Qe5+ Kg6 55. Qxb8 f5 56. Qg3+ Kf6 57. Qf4 Ke6 58. Qe3+ Kf6 59. Qf4 Ke6 60. c4 Qa4+ 61. Kc3 Qa5+ 62. Kd3 Qa1 63. Qe3+ Kf6 64. Kc3 Qa5+ 65. Kb3 Qc7 66. Qd4+ Kg5 67. c5 f4 68. Kc3 f3 69. Qe3+ Kg4 70. Qe6+ Kh4 71. Qh6+ Kg4 72. Qg6+ Kh3 73. Qf5+ Kg2 74. Qd5 Qg3 75. c6 Kg1 76. Qc5+ f2+ 77. Kb4 Qf4+ 78. Ka5 Kg2 79. c7 f1Q 80. c8Q Qa1+ 81. Qa3 Qd2+ 82. Kb6 Qaxb2+ 83. Qxb2 Qxb2+ 84. Ka7 Qa3+ 85. Qa6 Qxa6+ 1/2-1/2

[Event "American Continental 18th"]
[Site "Medellin"]
[Date "2024.05.24"]
[Round "1"]
[White "Zapata, Alonso"]
[Black "Finley Rosero, Karol Valentina"]
[Result "1-0"]
[WhiteElo "2295"]
[BlackElo "1823"]
[PlyCount "51"]
[EventDate "2024.05.24"]
[EventType "swiss"]
[EventRounds "11"]
[EventCountry "COL"]
[SourceTitle "CBM 220 Extra"]
[Source "ChessBase"]
[SourceDate "2024.07.31"]
[SourceVersion "1"]
[SourceVersionDate "2024.07.31"]
[SourceQuality "1"]

1. e4 c5 2. Nf3 d6 3. d4 cxd4 4. Nxd4 Nf6 5. Nc3 g6 6. Be2 Bg7 7. 0-0 0-0 8. Kh1 Nc6 9. Nb3 b6 10. f4 Bb7 11. Bf3 Rc8 12. Be3 Na5 13. Nxa5 bxa5 14. Bxa7 Ba6 15. Rf2 Qc7 16. Be3 Rb8 17. Rb1 Rfc8 18. Rd2 Bc4 19. Bd4 Be6 20. b3 Ng4 21. Bxg7 Ne3 22. Qg1 Kxg7 23. Ne2 Ng4 24. f5 gxf5 25. exf5 Bxf5 26. Bxg4 1-0

[Event "Charlotte op"]
[Site "Charlotte"]
[Date "2024.01.15"]
[Round "5"]
[White "Kantor, Gergely"]
[Black "Zapata, Alonso"]
[Result "1-0"]
[WhiteElo "2531"]
[BlackElo "2313"]
[PlyCount "131"]
[EventDate "2024.01.05"]
[EventType "swiss"]
[EventRounds "6"]
[EventCountry "USA"]
[SourceTitle "CBM 218 Extra"]
[Source "ChessBase"]
[SourceDate "2024.03.31"]
[SourceVersion "1"]
[SourceVersionDate "2024.03.31"]
[SourceQuality "1"]

1. e4 c5 2. Nf3 d6 3. d4 cxd4 4. Nxd4 Nf6 5. Nc3 a6 6. Bd3 e5 7. Nde2 Be7 8. 0-0 0-0 9. Ng3 Be6 10. Nd5 Nbd7 11. c4 Nc5 12. Bc2 a5 13. Nxe7+ Qxe7 14. b3 Rfd8 15. h3 a4 16. Be3 b5 17. cxb5 axb3 18. axb3 Rab8 19. b4 Ncd7 20. Qd3 d5 21. exd5 Bxd5 22. Rfb1 Rdc8 23. Ra7 Bc4 24. Nf5 Qe6 25. Qd6 Re8 26. Rd1 Bxb5 27. Qxe6 Rxe6 28. Bb3 Ra6 29. Nd6 Be2 30. Rxa6 Bxa6 31. Ra1 Bd3 32. b5 Kf8 33. b6 Ke7 34. Nxf7 Bg6 35. Ng5 h6 36. Nf3 Be4 37. Ra7 Kd6 38. Nd2 Bd5 39. Bxd5 Kxd5 40. b7 Kc6 41. Nc4 Kc7 42. Na5 Nd5 43. Ra6 N5b6 44. g4 g6 45. Kg2 h5 46. Kg3 hxg4 47. hxg4 g5 48. Bxg5 Nc5 49. Ra7 Ne4+ 50. Kh3 Nxg5+ 51. Kh4 Ne4 52. g5 Nxf2 53. g6 Ne4 54. g7 Nd6 55. Kg5 e4 56. Kf4 Nb5 57. Ra6 Nc3 58. Ke3 Rd8 59. Nb3 Nc4+ 60. Kf4 e3 61. Ra8 Nd5+ 62. Kf3 Nd2+ 63. Ke2 Nc3+ 64. Kxe3 Nc4+ 65. Kf3 Ne5+ 66. Kg3 1-0

[Event "Charlotte Summer op"]
[Site "Charlotte"]
[Date "2023.07.16"]
[Round "4"]
[White "Zapata, Alonso"]
[Black "Ai, Evan Zihao"]
[Result "0-1"]
[WhiteElo "2321"]
[BlackElo "2159"]
[PlyCount "130"]
[EventDate "2023.07.14"]
[EventType "swiss"]
[EventRounds "5"]
[EventCountry "USA"]
[SourceTitle "CBM 215 Extra"]
[Source "ChessBase"]
[SourceDate "2023.09.30"]
[SourceVersion "1"]
[SourceVersionDate "2023.09.30"]
[SourceQuality "1"]

1. e4 c5 2. Nf3 d6 3. d4 cxd4 4. Nxd4 Nf6 5. Nc3 a6 6. Nb3 e6 7. Bd3 Qc7 8. 0-0 b5 9. f4 Nbd7 10. Qe2 Be7 11. Bd2 Bb7 12. Kh1 0-0 13. a4 b4 14. Na2 Nc5 15. Nxc5 dxc5 16. e5 Nd7 17. Rae1 g6 18. c4 Rad8 19. Nc1 Nb8 20. Be3 Rd7 21. Bc2 Nc6 22. Nb3 Rfd8 23. Rd1 Nd4 24. Bxd4 cxd4 25. Bd3 Kg7 26. Nd2 Rc8 27. b3 h5 28. h3 Rh8 29. Kg1 h4 30. Rf2 Rh5 31. Nf1 Rd8 32. Nh2 Bc6 33. Ng4 Qb7 34. Qe1 a5 35. Rfd2 Rg8 36. Qf2 Rd8 37. Kh1 Bc5 38. Nf6 Rhh8 39. Kh2 Be7 40. Be2 Bxf6 41. exf6+ Kxf6 42. Rxd4 Qb6 43. Qe3 Rxd4 44. Qe5+ Ke7 45. Rxd4 Rd8 46. c5 f6 47. cxb6 fxe5 48. Rxd8 Kxd8 49. fxe5 Bd5 50. Bd1 Kd7 51. Kg1 Kc6 52. Kf2 Kxb6 53. g3 g5 54. gxh4 gxh4 55. Ke3 Kc5 56. Kf4 Kd4 57. Kg5 Kc3 58. Kf6 Kd2 59. Bg4 Bxb3 60. Kg5 Bxa4 61. Bxe6 b3 62. Kxh4 b2 63. Ba2 Bb3 64. Bb1 Kc1 65. Be4 Bc2 0-1

[Event "Charlotte Summer op"]
[Site "Charlotte"]
[Date "2023.07.14"]
[Round "1"]
[White "Salinas Herrera, Pablo Patricio"]
[Black "Zapata, Alonso"]
[Result "0-1"]
[WhiteElo "2468"]
[BlackElo "2321"]
[PlyCount "76"]
[EventDate "2023.07.14"]
[EventType "swiss"]
[EventRounds "5"]
[EventCountry "USA"]
[SourceTitle "CBM 215 Extra"]
[Source "ChessBase"]
[SourceDate "2023.09.30"]
[SourceVersion "1"]
[SourceVersionDate "2023.09.30"]
[SourceQuality "1"]

1. e4 e5 2. Nf3 Nc6 3. d4 exd4 4. Nxd4 Nf6 5. Nxc6 bxc6 6. e5 Qe7 7. Qe2 Nd5 8. h4 g6 9. c4 Ba6 10. Rh3 Bg7 11. Ra3 Nb4 12. Ra5 d5 13. exd6 cxd6 14. Kd1 Bb7 15. a3 Na6 16. Bf4 Nc5 17. Qxe7+ Kxe7 18. Nd2 Rhe8 19. Be3 Nd7 20. Rb1 a6 21. b4 Kf8 22. Nf3 Bf6 23. Bh6+ Kg8 24. Bg5 Bxg5 25. hxg5 c5 26. Be2 Be4 27. Rb2 Ne5 28. Nxe5 Rxe5 29. f3 Bc6 30. b5 axb5 31. Rxa8+ Bxa8 32. Rxb5 Bc6 33. Rb8+ Kg7 34. Rb6 Ba4+ 35. Kd2 d5 36. f4 Re4 37. cxd5 Rd4+ 38. Kc3 Rxd5 0-1

[Event "Charlotte Super op"]
[Site "Charlotte"]
[Date "2023.07.13"]
[Round "9"]
[White "Michelle, Catherina P"]
[Black "Zapata, Alonso"]
[Result "0-1"]
[WhiteElo "2153"]
[BlackElo "2321"]
[PlyCount "84"]
[EventDate "2023.07.09"]
[EventType "swiss"]
[EventRounds "9"]
[EventCountry "USA"]
[SourceTitle "CBM 215 Extra"]
[Source "ChessBase"]
[SourceDate "2023.09.30"]
[SourceVersion "1"]
[SourceVersionDate "2023.09.30"]
[SourceQuality "1"]

1. e4 c5 2. Nf3 Nc6 3. d4 cxd4 4. Nxd4 e6 5. Nc3 Qc7 6. Be3 a6 7. a3 Nf6 8. f4 d6 9. Qf3 Bd7 10. 0-0-0 Rc8 11. g4 Nxd4 12. Rxd4 Bc6 13. g5 Nd7 14. Rd2 b5 15. h4 Rb8 16. h5 b4 17. axb4 Rxb4 18. Rd4 a5 19. f5 Ne5 20. Qh3 Bd7 21. Na2 Rb8 22. Rg1 Be7 23. Be2 exf5 24. exf5 g6 25. Qf1 Bxf5 26. Bb5+ Nd7 27. Nc3 0-0 28. Rh1 Rfc8 29. Rdh4 Nf8 30. hxg6 Bxg6 31. Bc4 d5 32. Nxd5 Qe5 33. Nxe7+ Qxe7 34. Bd2 Rc5 35. Kb1 Qe5 36. b3 a4 37. Qf4 axb3 38. Qxe5 bxc2+ 39. Ka1 Rxe5 40. Ba2 Reb5 41. Bc4 Ra8+ 42. Ba2 Rb1+ 0-1

[Event "American Continental 17th"]
[Site "Juan Dolio"]
[Date "2023.05.21"]
[Round "9"]
[White "Jimenez Garcia, Emanuel"]
[Black "Zapata, Alonso"]
[Result "1-0"]
[WhiteElo "2410"]
[BlackElo "2322"]
[PlyCount "99"]
[EventDate "2023.05.15"]
[EventType "swiss"]
[EventRounds "11"]
[EventCountry "DOM"]
[SourceTitle "CBM 214 Extra"]
[Source "ChessBase"]
[SourceDate "2023.07.31"]
[SourceVersion "1"]
[SourceVersionDate "2023.07.31"]
[SourceQuality "1"]

1. Nf3 Nf6 2. g3 g6 3. b3 Bg7 4. Bb2 0-0 5. Bg2 d6 6. d4 e5 7. dxe5 Nfd7 8. Nc3 Nxe5 9. Nxe5 Bxe5 10. Qd2 Na6 11. h4 h5 12. 0-0-0 Nc5 13. e4 a5 14. a4 Be6 15. f4 Bg7 16. Kb1 Bg4 17. Rde1 c6 18. f5 Re8 19. Rhf1 gxf5 20. exf5 Rxe1+ 21. Qxe1 d5 22. f6 Bh6 23. Bf3 Bxf3 24. Rxf3 Qd7 25. g4 hxg4 26. Qg1 d4 27. Bc1 dxc3 28. Bxh6 Kh7 29. Bc1 Ne4 30. Rf4 Nd2+ 31. Ka2 Rg8 32. Qc5 Qd5 33. Qxc3 g3 34. Rd4 Qh5 35. Bxd2 g2 36. Be3 g1Q 37. Bxg1 Rxg1 38. Rd7 b5 39. Qd3+ Qg6 40. Rxf7+ Kh6 41. Qd2+ Kh5 42. Rg7 Ra1+ 43. Kxa1 Qxf6+ 44. Ka2 Qxg7 45. axb5 cxb5 46. Qxa5 Qe5 47. Qd8 Qc5 48. Qh8+ Kg4 49. Kb2 b4 50. h5 1-0